[Event "33. Copenhagen Open (Politiken Cup)"]
[Site "Elsinore"]
[Date "2011.08.07"]
[Round "10"]
[White "Jepson, Christian"]
[Black "Brorsen, Jacob Abildlund"]
[Result "1-0"]
[WhiteElo "2405"]
[BlackElo "2061"]
[PlyCount "131"]
[EventDate "2011.07.30"]
[EventType "swiss"]
[EventRounds "10"]
[EventCountry "DEN"]
[Source "ChessBase"]
[SourceDate "2011.08.29"]

1. c4 e5 2. Nc3 Nc6 3. Nf3 Nf6 4. g3 d5 5. cxd5 Nxd5 6. Bg2 Nb6 7. O-O Be7 8.
a3 a5 9. d3 O-O 10. Be3 Be6 11. Rc1 Nd5 12. Bd2 Kh8 13. Ne4 f6 14. Nc5 Bxc5 15.
Rxc5 Ra6 16. Qa4 Qd7 17. Rfc1 Rb6 18. Qc2 Ra8 19. Bc3 Nxc3 20. bxc3 Bb3 21. Qd2
Rd8 22. Qe3 Be6 23. Nd2 Ra8 24. Nc4 Rb3 25. a4 Ra6 26. Rb5 Bxc4 27. dxc4 Rb6
28. Qxb6 cxb6 29. Rxb3 Nd8 30. Bd5 Qxa4 31. Rxb6 Qa3 32. Rcb1 h6 33. R6b3 Qc5
34. Ra1 b6 35. Rb5 Qc7 36. c5 Qd7 37. c4 bxc5 38. Rbxa5 Kh7 39. Be4+ f5 40. Ra7
Qc8 41. Ra8 Qd7 42. Bd5 Nc6 43. Bg8+ Kg6 44. R8a6 Kg5 45. Bd5 Ne7 46. Bf3 Ng6
47. h4+ Nxh4 48. gxh4+ Kxh4 49. Rg6 e4 50. Bg2 Kh5 51. Raa6 Qd4 52. e3 Qxc4 53.
Bf1 Qc1 54. Rxg7 f4 55. Rf6 fxe3 56. Rf5+ Kh4 57. Rf4+ Kh5 58. Rf5+ Kh4 59.
Rf4+ Kh5 60. fxe3 Qxe3+ 61. Rf2 Kh4 62. Rg8 Kh5 63. Kg2 Kh4 64. Re2 Qd3 65. Kg1
Qd4+ 66. Kh1 1-0

[Event "33. Copenhagen Open (Politiken Cup)"]
[Site "Elsinore"]
[Date "2011.08.07"]
[Round "10"]
[White "Johansen, Stian"]
[Black "Hobber, Anders"]
[Result "0-1"]
[WhiteElo "1961"]
[BlackElo "2179"]
[PlyCount "26"]
[EventDate "2011.07.30"]
[EventType "swiss"]
[EventRounds "10"]
[EventCountry "DEN"]
[Source "ChessBase"]
[SourceDate "2011.08.29"]

1. d4 d5 2. c4 c6 3. Nf3 Nf6 4. Nc3 a6 5. e3 b5 6. b3 Bg4 7. Be2 e6 8. O-O Bd6
9. e4 Bb4 10. Qc2 Bxc3 11. Qxc3 dxe4 12. cxb5 exf3 13. bxc6 Nd5 0-1

[Event "33. Copenhagen Open (Politiken Cup)"]
[Site "Elsinore"]
[Date "2011.08.07"]
[Round "10"]
[White "Johansson, Linus"]
[Black "Ochsner, Bjorn Moller"]
[Result "1-0"]
[WhiteElo "2159"]
[BlackElo "2258"]
[PlyCount "95"]
[EventDate "2011.07.30"]
[EventType "swiss"]
[EventRounds "10"]
[EventCountry "DEN"]
[Source "ChessBase"]
[SourceDate "2011.08.29"]

1. d4 Nf6 2. c4 e6 3. Nf3 b6 4. g3 Ba6 5. Nbd2 Bb7 6. Bg2 c5 7. e4 cxd4 8. Nxd4
Bb4 9. Qe2 O-O 10. O-O Nc6 11. Nc2 Be7 12. b3 Qc7 13. Bb2 d6 14. Rac1 Rfe8 15.
Ne3 Rad8 16. Nb1 Qb8 17. Rfd1 Ne5 18. Nc3 Bf8 19. g4 Qa8 20. f3 Ng6 21. Qd2 Rd7
22. Ne2 Red8 23. Kh1 Be7 24. Qc2 h6 25. Rd3 Nh7 26. Rcd1 Nh4 27. Ng3 Ng5 28.
Qf2 Bc6 29. Re1 Qb7 30. Nd5 Bf8 31. Nh5 Nxg2 32. Kxg2 e5 33. h4 Ne6 34. f4 Nc5
35. Rde3 b5 36. fxe5 dxe5 37. Bxe5 bxc4 38. Ndf6+ Kh8 39. Qf5 Rd2+ 40. Kg1 Bxe4
41. Rxe4 Qxe4 42. Nxe4 Nxe4 43. Qxe4 Bc5+ 44. Kh1 R8d3 45. Bxg7+ Kg8 46. Nf6+
Kxg7 47. Qh7+ Kxf6 48. Qxh6# 1-0

[Event "33. Copenhagen Open (Politiken Cup)"]
[Site "Elsinore"]
[Date "2011.08.07"]
[Round "10"]
[White "Johnsen, Oystein"]
[Black "Hansen, Morten Moller"]
[Result "0-1"]
[WhiteElo "1724"]
[BlackElo "2097"]
[PlyCount "132"]
[EventDate "2011.07.30"]
[EventType "swiss"]
[EventRounds "10"]
[EventCountry "DEN"]
[Source "ChessBase"]
[SourceDate "2011.08.29"]

1. d4 g6 2. Nc3 d6 3. e4 Bg7 4. Be3 c6 5. Qd2 Nd7 6. Nf3 Qc7 7. Be2 b5 8. a3 a6
9. O-O Ngf6 10. h3 O-O 11. b4 Nb6 12. Rad1 Rd8 13. Bg5 Be6 14. Qf4 Bc4 15. Bd3
Ne8 16. Bh6 e5 17. dxe5 dxe5 18. Qe3 f6 19. Bxg7 Nxg7 20. Nd2 Bxd3 21. cxd3 Ne6
22. Nb3 Nd4 23. Nc5 a5 24. Rc1 Nd7 25. Ne2 Nxc5 26. Rxc5 Ne6 27. Rc3 axb4 28.
axb4 Ra2 29. Nc1 Ra4 30. Rb3 Qd6 31. Qd2 Rda8 32. Rd1 Nd4 33. Rb2 Rd8 34. Kf1
Ne6 35. Ne2 Ra3 36. g3 Rxd3 37. Qxd3 Qxd3 38. Rxd3 Rxd3 39. Kg2 Ng5 40. Rc2 Rd6
41. f3 Kf7 42. h4 Ne6 43. Kf2 Ke7 44. Ra2 Nc7 45. Ke3 Rd1 46. Rc2 Kd6 47. Ra2
h5 48. Rb2 c5 49. bxc5+ Kxc5 50. Rc2+ Kb6 51. Nc3 Rd6 52. Rb2 Rc6 53. Kd3 Kc5
54. Rc2 Kd6 55. Rb2 Rc5 56. Rb4 Kc6 57. Rb2 Ne6 58. Nd5 Nd4 59. Ne7+ Kd7 60.
Nxg6 Nxf3 61. Rf2 Nd4 62. Rxf6 Nc6 63. Rf5 b4 64. Rxh5 b3 65. Rh7+ Kc8 66. Rh8+
Kb7 0-1

[Event "33. Copenhagen Open (Politiken Cup)"]
[Site "Elsinore"]
[Date "2011.08.07"]
[Round "10"]
[White "Jonsson, Lennart"]
[Black "Lyngsjo, Hakan"]
[Result "0-1"]
[WhiteElo "2086"]
[BlackElo "1943"]
[PlyCount "96"]
[EventDate "2011.07.30"]
[EventType "swiss"]
[EventRounds "10"]
[EventCountry "DEN"]
[Source "ChessBase"]
[SourceDate "2011.08.29"]

1. d4 Nf6 2. Nf3 g6 3. e3 d5 4. Bd3 Bg7 5. O-O O-O 6. b3 c5 7. Bb2 Nc6 8. c4
cxd4 9. exd4 Bg4 10. Nbd2 Nh5 11. h3 Nf4 12. Bc2 Bh5 13. Qe1 Nb4 14. Bb1 Bxf3
15. Nxf3 Nbd3 16. Qd2 Nxb2 17. Qxb2 Rc8 18. c5 Rxc5 19. Qd2 Ne6 20. Bxg6 hxg6
21. dxc5 Bxa1 22. Rxa1 Nxc5 23. Qh6 Ne4 24. Re1 Nf6 25. Rd1 e6 26. Rd4 Ne4 27.
Rxe4 dxe4 28. Ne5 Qd1+ 29. Kh2 Qh5 30. Qf4 Qf5 31. Qg3 Rd8 32. Ng4 Kg7 33. Qc3+
e5 34. Qc7 Rd2 35. Qxb7 Qf4+ 36. g3 Rxf2+ 37. Nxf2 Qxf2+ 38. Kh1 Qxg3 39. Qxe4
Qxh3+ 40. Kg1 Qg3+ 41. Kh1 Qf4 42. Qd5 Qd4 43. Qc6 Qa1+ 44. Kg2 Qxa2+ 45. Kf3
Qxb3+ 46. Ke4 Qb1+ 47. Kxe5 Qf5+ 48. Kd4 Qf6+ 0-1

[Event "33. Copenhagen Open (Politiken Cup)"]
[Site "Elsinore"]
[Date "2011.08.07"]
[Round "10"]
[White "Jorgensen, Dennis"]
[Black "Jensen, Soren Holm"]
[Result "1-0"]
[WhiteElo "2231"]
[BlackElo "1984"]
[PlyCount "69"]
[EventDate "2011.07.30"]
[EventType "swiss"]
[EventRounds "10"]
[EventCountry "DEN"]
[Source "ChessBase"]
[SourceDate "2011.08.29"]

1. d4 d5 2. c4 e6 3. Nf3 Nf6 4. g3 dxc4 5. Bg2 Nc6 6. Qa4 Bb4+ 7. Bd2 Nd5 8.
Bxb4 Ndxb4 9. O-O Rb8 10. Na3 a6 11. Ne5 O-O 12. Nxc6 Nxc6 13. Qxc4 Qxd4 14.
Bxc6 Qxc4 15. Nxc4 bxc6 16. b3 Bb7 17. Rac1 Rfd8 18. Na5 Ba8 19. Nxc6 Bxc6 20.
Rxc6 Rd2 21. Rxa6 Rxe2 22. Rc1 g6 23. Rxc7 f5 24. b4 Rb2 25. a3 e5 26. Raa7 e4
27. Rg7+ Kf8 28. Rxh7 Kg8 29. Rag7+ Kf8 30. Rxg6 Re8 31. Rh8+ Kf7 32. Rxe8 Kxg6
33. Re5 Rb1+ 34. Kg2 Rb2 35. g4 1-0

[Event "33. Copenhagen Open (Politiken Cup)"]
[Site "Elsinore"]
[Date "2011.08.07"]
[Round "10"]
[White "Jorgensen, Jens AL"]
[Black "Wallin, Kenneth"]
[Result "1-0"]
[WhiteElo "1264"]
[BlackElo "1710"]
[PlyCount "111"]
[EventDate "2011.07.30"]
[EventType "swiss"]
[EventRounds "10"]
[EventCountry "DEN"]
[Source "ChessBase"]
[SourceDate "2011.08.29"]

1. e4 c5 2. Bc4 d6 3. h3 Nf6 4. Nc3 Nc6 5. Nf3 g6 6. O-O Bg7 7. a3 a6 8. Re1
Nd7 9. Ng5 Nde5 10. Ba2 h6 11. Nf3 O-O 12. Nxe5 Bxe5 13. Ne2 g5 14. c3 Bg7 15.
Ng3 Be6 16. b3 Qd7 17. Kh2 Be5 18. Qh5 Kh7 19. d4 Bxg3+ 20. fxg3 f6 21. Qe2
cxd4 22. cxd4 Nxd4 23. Qd3 Nc6 24. Bb2 Rad8 25. Rad1 Kh8 26. Bb1 Rf7 27. e5
fxe5 28. Qg6 Bxb3 29. Rxe5 Nxe5 30. Bxe5+ dxe5 31. Rxd7 Rxd7 32. Qxh6+ Kg8 33.
Qxg5+ Kf8 34. Qxe5 Rf6 35. h4 Rd2 36. Qb8+ Kf7 37. Be4 Re2 38. Qxb7 Bc4 39.
Bd5+ Bxd5 40. Qxd5+ Kg7 41. h5 Rfe6 42. Qg5+ Kh7 43. g4 R2e5 44. Qf4 Kg7 45. g5
Re4 46. Qf5 R6e5 47. h6+ Kg8 48. Qg6+ Kf8 49. Qg7+ Ke8 50. Kh3 Re3+ 51. g3 Ra5
52. h7 Raxa3 53. h8=Q+ Kd7 54. Qd4+ Kc7 55. Qhd8+ Kc6 56. Q8d5+ 1-0

[Event "33. Copenhagen Open (Politiken Cup)"]
[Site "Elsinore"]
[Date "2011.08.07"]
[Round "10"]
[White "Jorgensen, Michael"]
[Black "Petersen, Nils"]
[Result "1-0"]
[WhiteElo "2271"]
[BlackElo "2051"]
[PlyCount "77"]
[EventDate "2011.07.30"]
[EventType "swiss"]
[EventRounds "10"]
[EventCountry "DEN"]
[Source "ChessBase"]
[SourceDate "2011.08.29"]

1. d4 Nf6 2. c4 e6 3. g3 Bb4+ 4. Bd2 c5 5. Bxb4 cxb4 6. Bg2 O-O 7. e4 d6 8. Ne2
e5 9. a3 Qb6 10. O-O Nc6 11. axb4 Qxb4 12. Na3 a6 13. d5 Ne7 14. Qd3 Ne8 15.
Rfc1 f5 16. c5 Bd7 17. c6 bxc6 18. dxc6 Be6 19. Nc3 fxe4 20. Nxe4 Bf5 21. Nc2
Qb6 22. Ne3 Bg6 23. c7 Nxc7 24. Qc4+ Kh8 25. Qxc7 Qxb2 26. Qc2 Qxc2 27. Nxc2 d5
28. Nc5 a5 29. Ne3 e4 30. Ne6 Rfc8 31. Nc7 Rab8 32. Ncxd5 Nxd5 33. Nxd5 Rxc1+
34. Rxc1 h5 35. Nf4 Bf5 36. Bh3 Bxh3 37. Nxh3 a4 38. Ng5 a3 39. Ra1 1-0

[Event "33. Copenhagen Open (Politiken Cup)"]
[Site "Elsinore"]
[Date "2011.08.07"]
[Round "10"]
[White "Jorgensen, Morten"]
[Black "Munk, Poul"]
[Result "0-1"]
[WhiteElo "1727"]
[BlackElo "1942"]
[PlyCount "38"]
[EventDate "2011.07.30"]
[EventType "swiss"]
[EventRounds "10"]
[EventCountry "DEN"]
[Source "ChessBase"]
[SourceDate "2011.08.29"]

1. d4 d5 2. Nf3 Nf6 3. c4 e6 4. Nc3 c6 5. Qc2 Be7 6. e3 Nbd7 7. cxd5 exd5 8.
Bd3 O-O 9. O-O Re8 10. a4 Bd6 11. h3 a5 12. Bd2 Nf8 13. Ne2 Bd7 14. Ng3 g6 15.
Rfe1 Qc7 16. Nf1 Qc8 17. Ng3 Bxh3 18. Ne2 Qg4 19. Ng3 Bxg3 0-1

[Event "33. Copenhagen Open (Politiken Cup)"]
[Site "Elsinore"]
[Date "2011.08.07"]
[Round "10"]
[White "Klings, Peter"]
[Black "Kyrkjebo, Erlend"]
[Result "1-0"]
[WhiteElo "2149"]
[BlackElo "1953"]
[PlyCount "47"]
[EventDate "2011.07.30"]
[EventType "swiss"]
[EventRounds "10"]
[EventCountry "DEN"]
[Source "ChessBase"]
[SourceDate "2011.08.29"]

1. Nf3 Nf6 2. g3 g6 3. Bg2 Bg7 4. O-O d5 5. c4 Nc6 6. cxd5 Nxd5 7. Nc3 Nb6 8.
d3 Bg4 9. h3 Bf5 10. Be3 Qd7 11. Kh2 h5 12. Qd2 f6 13. Nh4 g5 14. Nxf5 Qxf5 15.
d4 O-O-O 16. Qc1 Na5 17. Nb5 Qd7 18. Nxa7+ Kb8 19. Qc3 Kxa7 20. Qxa5+ Kb8 21.
Rfc1 Qe6 22. Rxc7 Kxc7 23. Rc1+ Kd7 24. Qb5+ 1-0

[Event "33. Copenhagen Open (Politiken Cup)"]
[Site "Elsinore"]
[Date "2011.08.07"]
[Round "10"]
[White "Kopperberg, Steen"]
[Black "Hjornevik, Knut Jarle"]
[Result "1/2-1/2"]
[WhiteElo "1782"]
[BlackElo "1959"]
[PlyCount "105"]
[EventDate "2011.07.30"]
[EventType "swiss"]
[EventRounds "10"]
[EventCountry "DEN"]
[Source "ChessBase"]
[SourceDate "2011.08.29"]

1. d4 d5 2. Nf3 Nc6 3. c3 Nf6 4. Bg5 e6 5. Nbd2 Be7 6. Bxf6 Bxf6 7. e4 dxe4 8.
Nxe4 Be7 9. Qc2 a6 10. Bd3 h6 11. h4 b6 12. O-O-O Bb7 13. Kb1 Qd5 14. g4 O-O-O
15. Ned2 Kb8 16. Qa4 Qa5 17. Qc2 Bf6 18. Rhe1 Qd5 19. Be4 Qd7 20. Nc4 Qe8 21.
g5 Be7 22. d5 exd5 23. Bxd5 Nb4 24. cxb4 Bxd5 25. Nce5 Bxf3 26. Nxf3 Rxd1+ 27.
Qxd1 Qd8 28. Ne5 Qxd1+ 29. Rxd1 Re8 30. Nxf7 hxg5 31. hxg5 Bxb4 32. f4 Re1 33.
Rxe1 Bxe1 34. Kc2 Kc8 35. Kd3 Kd7 36. Ke4 Ke7 37. Ne5 Bd2 38. Nc6+ Kd6 39. Nd4
Ke7 40. g6 Kf6 41. f5 Bb4 42. Ne2 Bd6 43. b3 a5 44. Nd4 Be5 45. Nf3 Bc3 46. a4
Bb2 47. Nd2 Be5 48. Nc4 Bh2 49. Ne3 Kg5 50. Nd5 Bd6 51. Ne3 Bh2 52. Nc4 Kf6 53.
Ne3 1/2-1/2

[Event "33. Copenhagen Open (Politiken Cup)"]
[Site "Elsinore"]
[Date "2011.08.07"]
[Round "10"]
[White "Korley, Kassa"]
[Black "Zatonskih, Anna"]
[Result "0-1"]
[WhiteElo "2326"]
[BlackElo "2522"]
[PlyCount "82"]
[EventDate "2011.07.30"]
[EventType "swiss"]
[EventRounds "10"]
[EventCountry "DEN"]
[Source "ChessBase"]
[SourceDate "2011.08.29"]

1. e4 e6 2. d4 d5 3. Nc3 Nf6 4. e5 Nfd7 5. f4 c5 6. Nf3 Nc6 7. Be3 Qb6 8. Qd2
Qxb2 9. Rb1 Qa3 10. Bb5 c4 11. f5 Bb4 12. Rxb4 Nxb4 13. fxe6 fxe6 14. Ng5 O-O
15. Nxe6 a6 16. Nxf8 Nxf8 17. Be8 Be6 18. Bh5 Nxa2 19. Ne2 Nb4 20. Nc3 Nc6 21.
O-O b5 22. Ne2 Ne7 23. Nf4 Neg6 24. Bxg6 hxg6 25. c3 Qe7 26. Qc2 Bf5 27. Nxd5
Qf7 28. Nb6 Rb8 29. Qf2 Rxb6 30. g4 Be6 31. d5 Rb8 32. dxe6 Qxe6 33. Qf4 Nd7
34. Bd4 a5 35. Ra1 b4 36. Rxa5 b3 37. Ra1 Nf8 38. Qe4 g5 39. Bc5 Re8 40. Ra4
Nd7 41. Rxc4 b2 0-1

[Event "33. Copenhagen Open (Politiken Cup)"]
[Site "Elsinore"]
[Date "2011.08.07"]
[Round "10"]
[White "Kristensen, Lars Ostergaard"]
[Black "Gupta, Sudhir Kumar"]
[Result "1/2-1/2"]
[WhiteElo "1544"]
[BlackElo "1791"]
[PlyCount "37"]
[EventDate "2011.07.30"]
[EventType "swiss"]
[EventRounds "10"]
[EventCountry "DEN"]
[Source "ChessBase"]
[SourceDate "2011.08.29"]

1. e4 Nf6 2. e5 Nd5 3. c4 Nb6 4. d4 d6 5. exd6 exd6 6. Bd3 Nc6 7. Ne2 Be7 8.
O-O O-O 9. Qc2 h6 10. b3 Nb4 11. Qd2 Nxd3 12. Qxd3 Bg5 13. Bb2 Bg4 14. Nbc3 Re8
15. Rfe1 Bxe2 16. Rxe2 Rxe2 17. Qxe2 Qd7 18. Re1 Rd8 19. d5 1/2-1/2

[Event "33. Copenhagen Open (Politiken Cup)"]
[Site "Elsinore"]
[Date "2011.08.07"]
[Round "10"]
[White "Krzesinski, Paul"]
[Black "Christiansen, Jens Jorgen"]
[Result "1-0"]
[WhiteElo "1832"]
[BlackElo "2115"]
[PlyCount "123"]
[EventDate "2011.07.30"]
[EventType "swiss"]
[EventRounds "10"]
[EventCountry "DEN"]
[Source "ChessBase"]
[SourceDate "2011.08.29"]

1. e4 Nf6 2. Nc3 d5 3. e5 Nfd7 4. e6 fxe6 5. d4 c5 6. Nf3 Nc6 7. Bb5 Qc7 8. O-O
g6 9. Re1 Nf6 10. Ne5 cxd4 11. Qxd4 Bd7 12. Bxc6 Bxc6 13. Bf4 Qb6 14. Nxc6 bxc6
15. Qe5 Qb7 16. Qxe6 Bg7 17. Bd6 Ng8 18. Be5 Kf8 19. Rad1 Bxe5 20. Qxe5 Nf6 21.
Ne2 Qb8 22. Qc3 Qd6 23. Nd4 e5 24. Qxc6 Qxc6 25. Nxc6 e4 26. c4 dxc4 27. Rc1
Kg7 28. Rxc4 Rac8 29. b4 Rhd8 30. b5 Rd2 31. Ra4 Rc7 32. a3 Ra2 33. h3 Nd5 34.
Ra6 Nc3 35. Nb4 Rb2 36. Rc6 Nxb5 37. Rxc7+ Nxc7 38. Rxe4 Rb1+ 39. Kh2 Nb5 40.
a4 Nc3 41. Re7+ Kf8 42. Nc6 Rb6 43. Rc7 Nxa4 44. Nxa7 h5 45. Nc6 Nc5 46. Ne5
Ne6 47. Nxg6+ Kg8 48. Ne7+ Kf7 49. Nd5+ Nxc7 50. Nxb6 h4 51. Kg1 Kf6 52. Kf1
Kf5 53. Ke2 Ne6 54. Nd5 Ke4 55. Nf6+ Kf5 56. Ng4 Kf4 57. Kd3 Ng5 58. Kd4 Ne4
59. Kd5 Nxf2 60. Nxf2 Kg3 61. Ne4+ Kxg2 62. Ng5 1-0

[Event "33. Copenhagen Open (Politiken Cup)"]
[Site "Elsinore"]
[Date "2011.08.07"]
[Round "10"]
[White "Larsen, Karsten"]
[Black "Lercel, Michal"]
[Result "0-1"]
[WhiteElo "2323"]
[BlackElo "2141"]
[PlyCount "82"]
[EventDate "2011.07.30"]
[EventType "swiss"]
[EventRounds "10"]
[EventCountry "DEN"]
[Source "ChessBase"]
[SourceDate "2011.08.29"]

1. Nf3 Nf6 2. g3 b6 3. Bg2 Bb7 4. O-O g6 5. c4 Bg7 6. Nc3 c5 7. d4 cxd4 8. Qxd4
O-O 9. Qh4 Re8 10. Bh6 Bh8 11. Rfd1 Na6 12. e4 Nc5 13. e5 Nh5 14. g4 Ng7 15.
Nd5 Nge6 16. Rd2 Rc8 17. Re1 Bg7 18. b3 Ba8 19. h3 Rc6 20. Nh2 Rc8 21. f4 Bxh6
22. Qxh6 Ng7 23. Nf3 Nce6 24. Red1 b5 25. Bf1 bxc4 26. bxc4 Qa5 27. Kg2 Qc5 28.
Bd3 Nf8 29. f5 Rc6 30. Qf4 Ra6 31. Qd4 Qxd4 32. Nxd4 e6 33. Nf3 exd5 34. cxd5
Ra3 35. Be4 gxf5 36. gxf5 d6 37. f6 Nh5 38. e6 fxe6 39. f7+ Kxf7 40. Ng5+ Ke7
41. dxe6 Rg3+ 0-1

[Event "33. Copenhagen Open (Politiken Cup)"]
[Site "Elsinore"]
[Date "2011.08.07"]
[Round "10"]
[White "Lilja, Richard"]
[Black "Pedersen, Gunnar"]
[Result "0-1"]
[WhiteElo "2111"]
[BlackElo "2218"]
[PlyCount "88"]
[EventDate "2011.07.30"]
[EventType "swiss"]
[EventRounds "10"]
[EventCountry "DEN"]
[Source "ChessBase"]
[SourceDate "2011.08.29"]

1. e4 c5 2. Nc3 e6 3. Nf3 a6 4. Be2 b5 5. O-O Bb7 6. d3 d6 7. a4 b4 8. Nb1 Be7
9. Be3 Nd7 10. Nbd2 Ngf6 11. Ne1 d5 12. exd5 Nxd5 13. Nc4 Nxe3 14. fxe3 O-O 15.
Bf3 Bd5 16. Nd2 Bf6 17. Qc1 Ne5 18. Kh1 Rc8 19. Ne4 Be7 20. b3 f5 21. Nf2 Bd6
22. e4 fxe4 23. dxe4 Bb7 24. c4 Nxf3 25. Nxf3 Rxf3 26. gxf3 Qh4 27. Ng4 h5 28.
Qd2 Rd8 29. Ne3 Bf4 30. Qe2 Rd4 31. Rad1 g5 32. Nc2 Rxd1 33. Rxd1 g4 34. fxg4
Bxe4+ 35. Kg1 Bxh2+ 36. Kf1 Qh3+ 37. Ke1 Bg3+ 38. Kd2 Bf4+ 39. Ne3 hxg4 40. Qf2
e5 41. Rg1 g3 42. Ke2 Qh5+ 43. Ke1 Qg5 44. Qe2 Bxe3 0-1

[Event "33. Copenhagen Open (Politiken Cup)"]
[Site "Elsinore"]
[Date "2011.08.07"]
[Round "10"]
[White "Lindgaard, Tobias Simon"]
[Black "Londalen, Sindre"]
[Result "1-0"]
[WhiteElo "1434"]
[BlackElo "1000"]
[PlyCount "95"]
[EventDate "2011.07.30"]
[EventType "swiss"]
[EventRounds "10"]
[EventCountry "DEN"]
[Source "ChessBase"]
[SourceDate "2011.08.29"]

1. d4 Nf6 2. Nf3 d5 3. c4 e6 4. Nc3 b6 5. Bf4 h6 6. Nb5 Bd6 7. Nxd6+ cxd6 8. e3
Ba6 9. Qa4+ Nfd7 10. Bxd6 Qc8 11. Ne5 dxc4 12. Bxb8 b5 13. Qb4 Rxb8 14. Be2 Nf6
15. Bf3 Bb7 16. Qxb5+ Nd7 17. Nxc4 Ba6 18. Nd6+ Kf8 19. Qa4 Nb6 20. Qa3 Qc2 21.
Qxa6 Ke7 22. Qa3 Kd7 23. O-O Nc4 24. Nxc4 Qxc4 25. Qxa7+ Kd6 26. Qc5+ Qxc5 27.
dxc5+ Kxc5 28. Rac1+ Kd6 29. Rfd1+ Ke7 30. Rc7+ Kf6 31. b3 Rhd8 32. Rxd8 Rxd8
33. a4 Rb8 34. Rb7 Rxb7 35. Bxb7 Ke7 36. h4 Kd6 37. a5 Kc7 38. a6 Kb6 39. b4 g5
40. hxg5 hxg5 41. b5 f6 42. g4 e5 43. f3 Ka7 44. Kf2 Kb6 45. Kg3 Ka7 46. f4
gxf4+ 47. exf4 exf4+ 48. Kxf4 1-0

[Event "33. Copenhagen Open (Politiken Cup)"]
[Site "Elsinore"]
[Date "2011.08.07"]
[Round "10"]
[White "Lindgren, Philip"]
[Black "Gagliardi, Christian"]
[Result "1-0"]
[WhiteElo "2145"]
[BlackElo "2258"]
[PlyCount "76"]
[EventDate "2011.07.30"]
[EventType "swiss"]
[EventRounds "10"]
[EventCountry "DEN"]
[Source "ChessBase"]
[SourceDate "2011.08.29"]

1. d4 Nf6 2. c4 e6 3. Nf3 d5 4. g3 dxc4 5. Bg2 Nc6 6. Qa4 Bb4+ 7. Bd2 Nd5 8.
Bxb4 Ndxb4 9. O-O Rb8 10. Na3 a6 11. Ne5 O-O 12. Nxc6 Nxc6 13. Bxc6 bxc6 14. e3
Rxb2 15. Nxc4 Rb5 16. Qc2 Qd5 17. Rfd1 Rb4 18. Rac1 Bb7 19. e4 Qh5 20. Ne5 h6
21. Qc5 Rb2 22. Rb1 Rb5 23. Qe7 Qg5 24. Qxc7 Qd8 25. Qxd8 Rxd8 26. a4 Rxb1 27.
Rxb1 Ba8 28. Rb6 f6 29. Nc4 c5 30. dxc5 Bxe4 31. Nd6 Bf3 32. Rxa6 Rb8 33. Rb6
Ra8 34. Rb4 Bc6 35. Nb5 Kf7 36. f4 e5 37. fxe5 fxe5 38. Kf2 Ke6 1-0

[Event "33. Copenhagen Open (Politiken Cup)"]
[Site "Elsinore"]
[Date "2011.08.07"]
[Round "10"]
[White "Maagaard, David Bille"]
[Black "Andersen, Rune Egede"]
[Result "0-1"]
[WhiteElo "1906"]
[BlackElo "2078"]
[PlyCount "72"]
[EventDate "2011.07.30"]
[EventType "swiss"]
[EventRounds "10"]
[EventCountry "DEN"]
[Source "ChessBase"]
[SourceDate "2011.08.29"]

1. d4 d5 2. c4 dxc4 3. e3 Nf6 4. Bxc4 e6 5. Ne2 a6 6. O-O b5 7. Bb3 Bb7 8. Nbc3
c5 9. a3 Nbd7 10. Bc2 Qc7 11. f3 Bd6 12. h3 Nh5 13. Be4 Rd8 14. Bxb7 Qxb7 15.
Ne4 Be7 16. Qe1 Qb6 17. Qf2 f5 18. dxc5 Nxc5 19. Nxc5 Qxc5 20. b4 Qc4 21. Nd4
O-O 22. Bb2 Rd6 23. Rfc1 Qd5 24. Rc5 Qa8 25. Rac1 Rfd8 26. Rc6 g6 27. Rc7 Bf6
28. g4 Ng7 29. f4 e5 30. Nf3 Ne6 31. R7c2 Rd1+ 32. Kh2 fxg4 33. hxg4 Qe4 34. g5
Bg7 35. Bxe5 Bxe5 36. Nxe5 Qh1+ 0-1

[Event "33. Copenhagen Open (Politiken Cup)"]
[Site "Elsinore"]
[Date "2011.08.07"]
[Round "10"]
[White "Maechel, Michael"]
[Black "Rasmussen, Lars"]
[Result "1/2-1/2"]
[WhiteElo "1756"]
[BlackElo "1981"]
[PlyCount "23"]
[EventDate "2011.07.30"]
[EventType "swiss"]
[EventRounds "10"]
[EventCountry "DEN"]
[Source "ChessBase"]
[SourceDate "2011.08.29"]

1. d4 Nf6 2. c4 e6 3. Nf3 b6 4. Bg5 h6 5. Bh4 Bb4+ 6. Nc3 Bb7 7. e3 O-O 8. Be2
d6 9. O-O Bxc3 10. bxc3 Nbd7 11. Nd2 Qe8 12. Bf3 1/2-1/2

[Event "33. Copenhagen Open (Politiken Cup)"]
[Site "Elsinore"]
[Date "2011.08.07"]
[Round "10"]
[White "Marshall, Michael"]
[Black "Lindholm, Lars"]
[Result "1/2-1/2"]
[WhiteElo "1918"]
[BlackElo "1722"]
[PlyCount "46"]
[EventDate "2011.07.30"]
[EventType "swiss"]
[EventRounds "10"]
[EventCountry "DEN"]
[Source "ChessBase"]
[SourceDate "2011.08.29"]

1. d4 g6 2. Nf3 Nf6 3. Nc3 Bg7 4. e4 d6 5. Be3 a6 6. Qd2 b5 7. Bd3 Ng4 8. Bg5
h6 9. Bh4 Nc6 10. h3 Nf6 11. e5 dxe5 12. dxe5 Nd7 13. e6 Nde5 14. exf7+ Kf8 15.
Nxe5 Nxe5 16. Rd1 Nxd3+ 17. Qxd3 Qxd3 18. Rxd3 Bf5 19. Rd2 Kxf7 20. O-O Rad8
21. Rfd1 Rxd2 22. Rxd2 c6 23. a3 g5 1/2-1/2

[Event "33. Copenhagen Open (Politiken Cup)"]
[Site "Elsinore"]
[Date "2011.08.07"]
[Round "10"]
[White "Merkesvik, Frode"]
[Black "Henningsson, Hjalte Skov"]
[Result "0-1"]
[WhiteElo "1112"]
[BlackElo "1794"]
[PlyCount "118"]
[EventDate "2011.07.30"]
[EventType "swiss"]
[EventRounds "10"]
[EventCountry "DEN"]
[Source "ChessBase"]
[SourceDate "2011.08.29"]

1. e4 c6 2. e5 d5 3. exd6 exd6 4. g3 Nf6 5. Bg2 Be7 6. Nf3 O-O 7. O-O Bf5 8. d3
Nbd7 9. Nh4 Bg4 10. f3 Be6 11. f4 Qb6+ 12. Kh1 Rfe8 13. Nc3 Bg4 14. Nf3 h6 15.
b3 d5 16. Qd2 Bb4 17. Na4 Bxd2 18. Nxb6 Bc3 19. Nxa8 Bxa1 20. Ba3 Bc3 21. Nc7
Rc8 22. Bd6 Ba5 23. Nxd5 Nxd5 24. Ne5 Nxe5 25. fxe5 Ne3 26. Rf4 Nxg2 27. Kxg2
Be6 28. c4 Bc7 29. c5 Bxd6 30. exd6 Kf8 31. d4 Ra8 32. Rf2 Ke8 33. Kf3 b6 34.
b4 Rb8 35. a3 Kd7 36. Rb2 Re8 37. a4 Bd5+ 38. Kf2 Rb8 39. Re2 Be6 40. Rb2 Re8
41. Rb1 Bg4 42. Re1 Rxe1 43. Kxe1 Kc8 44. Kd2 Kb7 45. Kd3 Be6 46. h4 Bb3 47. a5
bxa5 48. bxa5 Be6 49. Kc3 Ka6 50. Kb4 g5 51. hxg5 hxg5 52. d5 Bd7 53. dxc6 Bxc6
54. Kc4 Kxa5 55. Kd4 f6 56. g4 Kb4 57. d7 Bxd7 58. Kd5 a5 59. c6 Bxg4 0-1

[Event "33. Copenhagen Open (Politiken Cup)"]
[Site "Elsinore"]
[Date "2011.08.07"]
[Round "10"]
[White "Moller, Arne"]
[Black "Jorgensen, Orla Eilegaard"]
[Result "1-0"]
[WhiteElo "1881"]
[BlackElo "1673"]
[PlyCount "71"]
[EventDate "2011.07.30"]
[EventType "swiss"]
[EventRounds "10"]
[EventCountry "DEN"]
[Source "ChessBase"]
[SourceDate "2011.08.29"]

1. e4 c5 2. Nf3 d6 3. d4 cxd4 4. Nxd4 Nc6 5. Nc3 Nf6 6. Be2 Nxd4 7. Qxd4 e5 8.
Qd1 Be7 9. O-O a6 10. a4 b6 11. Be3 Bb7 12. f3 O-O 13. Bd3 d5 14. exd5 Nxd5 15.
Nxd5 Bxd5 16. Qe2 Bb7 17. Qf2 b5 18. axb5 axb5 19. Rxa8 Qxa8 20. Bxb5 Qa5 21.
Bd3 Ra8 22. b3 Qc3 23. Qe1 Qb2 24. Qc1 Qc3 25. Qd2 Qb2 26. Rd1 Bc6 27. Bc4 Kf8
28. Qe2 Ra2 29. Bd3 g6 30. Bh6+ Kg8 31. Be3 f6 32. Bc4+ Kg7 33. Qd2 Qxc2 34.
Bh6+ Kh8 35. Qd8+ Bxd8 36. Rxd8+ 1-0